| 000 | 00486nmm a2200169Ia 4500 | ||
|---|---|---|---|
| 008 | 251105s9999||||xx |||||||||||||||||und|| | ||
| 020 | _a9791222411460 | ||
| 041 | _aeng | ||
| 100 | _aOwl, Grey | ||
| 245 | 4 | _aThe adventures of Sajo and her beaver people | |
| 264 |
_a[Quito, Ecuador] : _bCervantes Digital, _c2023 |
||
| 300 | _a201 páginas | ||
| 490 | _aNarrativa | ||
| 650 | _aNorth American narrative | ||
| 856 | _uhttps://public.digitaliapublishing.com/a/127880 | ||
| 942 | _cCF | ||
| 999 |
_c98189 _d98189 |
||